Fragments against Amnesia : On memory, solidarity, and the political prisoner (Record no. 533793)
[ view plain ]
| 000 -LEADER | |
|---|---|
| fixed length control field | 00690nam a22001457a 4500 |
| 008 - FIXED-LENGTH DATA ELEMENTS--GENERAL INFORMATION | |
| fixed length control field | 260624b ||||| |||| 00| 0 eng d |
| 100 ## - MAIN ENTRY--PERSONAL NAME | |
| Personal name | Rai, Sakshi |
| 245 ## - TITLE STATEMENT | |
| Title | Fragments against Amnesia : On memory, solidarity, and the political prisoner |
| 260 ## - PUBLICATION, DISTRIBUTION, ETC. (IMPRINT) | |
| Place of publication, distribution, etc | Economic & Political Weekly |
| 300 ## - PHYSICAL DESCRIPTION | |
| Extent | 61(23), Jun 6, 2026: p.32-34 |
| 520 ## - SUMMARY, ETC. | |
| Summary, etc | How long can the moon be caged? Voices of Indian political prisoners by Suchitra Vijayan and Francesca Recchia, Chennai: Context/Westland, 2024; pp 312, ₹599.- Reproduced https://www.epw.in/journal/book-reviews/fragments-against-amnesia.html |
| 773 ## - HOST ITEM ENTRY | |
| Main entry heading | Economic & Political Weekly |
| 906 ## - LOCAL DATA ELEMENT F, LDF (RLIN) | |
| Subject DIP | BOOK REVIEW |
| 942 ## - ADDED ENTRY ELEMENTS (KOHA) | |
| Item type | Articles |
| Withdrawn status | Lost status | Source of classification or shelving scheme | Damaged status | Not for loan | Permanent location | Current location | Date acquired | Serial Enumeration / chronology | Barcode | Date last seen | Koha item type |
|---|---|---|---|---|---|---|---|---|---|---|---|
| Indian Institute of Public Administration | Indian Institute of Public Administration | 2026-06-24 | 61(23), Jun 6, 2026: p.32-34 | AR139255 | 2026-06-24 | Articles |
